Balada o hadoch a vtáčatkách - Hry o život 0 /
Osemnásťročný Coriolanus Snow túži zahviezdiť v Hrách o život. Tento rok bude totiž mentorom jedného z vyvolených. Lenže jeho vyvolenou je dievčina z dvanásteho obvodu. Ich osudy sú odteraz nerozlučiteľne prepletené, každé Coriolanovo rozhodnutie ich môže vyniesť na stupienok víťazov alebo úplne pot...
Uloženo v:
| Série: | Hry o život,
část 0 |
|---|---|
| Hlavní autor: | |
| Médium: | E-kniha |
| Jazyk: | Czech |
| Vydáno: |
Praha :
Albatros Media Slovakia s.r.o.,
2021
|
| Příbuzné jednotky: | Z cyklu::
Hry o život |
| Tagy: |
Žádné tagy |
| LEADER | 01643nam a22002417i 4500 | ||
|---|---|---|---|
| 001 | 312416 | ||
| 007 | ta | ||
| 008 | 260601s2021 xr ||||| |||| 00| 0 cze d | ||
| 020 | |a 9788056619940 | ||
| 044 | |a xr | ||
| 100 | 1 | |a Collinsová, Suzanne |4 aut | |
| 245 | 1 | 0 | |a Balada o hadoch a vtáčatkách - Hry o život 0 / |c Collinsová, Suzanne |
| 240 | 1 | 0 | |a Untitled Panem Novel |
| 264 | 1 | |a Praha : |b Albatros Media Slovakia s.r.o., |c 2021 | |
| 300 | |a 1 online zdroj (400 stran) | ||
| 336 | |a text |b txt |2 rdacontent | ||
| 337 | |a bez média |b n |2 rdamedia | ||
| 338 | |a online zdroj |b cr |2 rdacarrier | ||
| 520 | 2 | |a Osemnásťročný Coriolanus Snow túži zahviezdiť v Hrách o život. Tento rok bude totiž mentorom jedného z vyvolených. Lenže jeho vyvolenou je dievčina z dvanásteho obvodu. Ich osudy sú odteraz nerozlučiteľne prepletené, každé Coriolanovo rozhodnutie ich môže vyniesť na stupienok víťazov alebo úplne potopiť. V aréne to bude súboj na život a na smrť. Mimo arény sa v Coriolanovi prebúdzajú city... a tak sa musí rozhodnúť, či bude dodržiavať pravidlá, aj keď mu jeho pud sebazáchovy radí niečo úplne iné. | |
| 787 | 0 | 8 | |g 0 |i Z cyklu: |t Hry o život |
| 910 | |a RBIT002 | ||
| 998 | |d 406154 |a https://core.palmknihy.cz/api/books/406154/cover?sgozls |b https://core.palmknihy.cz/api/books/406154/cover/400?sgozls |c https://core.palmknihy.cz/api/books/406154/cover/50?sgozls |e 2029-12-31 |g 400 |i 9788056619940 |j https://core.palmknihy.cz/api/books/406154/preview.epub |k https://core.palmknihy.cz/api/books/406154/preview.pdf |l |q 49 |r 1 |s https://www.palmknihy.cz/kniha/406154 |t ebook |y 2021 |z 1 |v Hry o život |w 0 | ||
| 999 | |d 312414 | ||